000 00852cam a2200241 i 4500
001 19993
003 Mx-PuUPA
005 20230307131058.0
008 140415s1987 mx gr 000 0 spa d
040 _aMx-PuUPA
_bspa
_cMx-PuUPA
_dMx-PuUPA
_erda
041 0 _aspa
110 2 _96508
_aCatholic Church.
_bConferencia del Episcopado Mexicano,
_eautor
245 1 0 _aIglesia y educación en México :
_bformación integral de la persona, tarea y desafío /
_cConferencia del Episcopado Mexicano
264 1 _aMéxico, D.F. :
_bEdiciones CEM,
_c1987
300 _a289 páginas ;
_c21 cm
336 _2rdacontent
_atexto
_btxt
337 _2rdamedia
_asin medio
_bn
338 _2rdacarrier
_avolumen
_bnc
650 7 _2armarc
_aIglesia y educación
942 _2ddc
_cLI
_h261.172
_iI242
999 _c19993
_d19993